The art of argument /

Bibliographic Details
Main Author: Taylor, Vernon Lyle, 1922-
Format: Book
Language:English
Published: Metuchen, N.J. : Scarecrow Press, 1971.
Subjects:

MARC

Tag First Indicator Second Indicator Subfields
LEADER 00000cam a2200000 4500
001 in00000334413
005 20151011051716.0
008 710318s1971 nju 00110 eng
010 |a  71150111  
020 |a 0810803763 
035 |a (OCoLC)00128763 
035 |9 ABL0291AM 
040 |a DLC  |c DLC  |d TXA  |d UtOrBLW 
049 |a TXAM  |c [1321761] 
050 0 |a BC177  |b .T38 
082 0 |a 168 
100 1 |a Taylor, Vernon Lyle,  |d 1922- 
245 1 4 |a The art of argument /  |c by Vernon L. Taylor. 
264 1 |a Metuchen, N.J. :  |b Scarecrow Press,  |c 1971. 
300 |a 153 pages ;  |c 22 cm. 
336 |a text  |b txt  |2 rdacontent 
337 |a unmediated  |b n  |2 rdamedia 
338 |a volume  |b nc  |2 rdacarrier 
650 0 |a Reasoning. 
999 |a MARS 
999 f f |s 86091336-3437-35ee-a430-97d9d63ee9f8  |i f8bf4131-947c-3765-ad25-aab19c5ac580  |t 0 
952 f f |p normal  |a Texas A&M University  |b College Station  |c Sterling C. Evans Library  |d Evans: Library Stacks  |t 0  |e BC177 .T38  |h Library of Congress classification  |i unmediated -- volume  |m A14801642234 
998 f f |a BC177 .T38  |t 0  |l Evans: Library Stacks